| 000 | 00458nam a2200169Ia 4500 | ||
|---|---|---|---|
| 005 | 20250508152458.0 | ||
| 008 | 008 250505s9999 xx 000 0 hin d | ||
| 037 | _aTextual | ||
| 040 |
_aFEDL _beng _cFEDL |
||
| 041 |
_ahin _2eng |
||
| 084 |
_a621, DEH _qFEDL |
||
| 245 | 0 | _aWorkshop guide: Fitter training | |
| 260 |
_aDelhi, India _bDehati Pustak Bhandar _c1958 |
||
| 300 | _a242p. | ||
| 942 |
_cTEXL _h621, DEH |
||
| 999 |
_c1336691 _d1336691 |
||